Χρονολογώντας το παρελθόν : εφαρμογές των τεχνικών φωταύγειας στον πολιτισμό και στο περιβάλλον
Αποθηκεύτηκε σε:
| Κύριος συγγραφέας: | |
|---|---|
| Μορφή: | Βιβλίο |
| Γλώσσα: | Greek |
| Δημοσίευση: |
Αθήνα :
Gutenberg,
c2021.
|
| Θέματα: | |
| Ετικέτες: |
Προσθήκη ετικέτας
Δεν υπάρχουν, Καταχωρήστε ετικέτα πρώτοι!
|
MARC
| LEADER | 00000nam a2200000 a 4500 | ||
|---|---|---|---|
| 001 | 1/125776 | ||
| 008 | 230109s2021####gr | ||| |||| ||gre|| | ||
| 020 | |a 9789600122008 | ||
| 040 | |a GR-MyUa |b gre |c GR-MyUa |e AACR2 | ||
| 041 | 0 | |a gre | |
| 082 | 7 | |a 930.1028 |2 (23) | |
| 100 | 1 | |a Ζαχαριάς, Νίκος. | |
| 245 | 1 | 0 | |a Χρονολογώντας το παρελθόν : |b εφαρμογές των τεχνικών φωταύγειας στον πολιτισμό και στο περιβάλλον / |c Νικόλαος Ζαχαριάς. |
| 260 | |a Αθήνα : |b Gutenberg, |c c2021. | ||
| 300 | |a 189 σ. : |b πίν., σχεδ., εικ., φωτ. ; |c 24 εκ. | ||
| 504 | |a Βιβλιογραφία : σ. [179]-189. | ||
| 650 | 0 | |a Archaeometry. | |
| 650 | 0 | |a Archaeology |x Methodology. | |
| 650 | 0 | |a Excavation. | |
| 852 | |a INST |b RHODES |c EUDOXUS |e 20230109 |h 930.1028 ΖΑΧ |p 005400043236 |q 005400043236 |t EDX |y 0 | ||
| 920 | |a Εύδοξος |b Παραγγελία |y Ρόδος-ΠΤΔΕ |z 2022-12 | ||
| 970 | |z 09-01-2023 | ||